[Event "Women's Speed Chess Q4"]
[Site "chess.com INT"]
[Date "2021.06.03"]
[Round "3"]
[White "Ziegenfuss, Antonia"]
[Black "Varshini, V"]
[Result "0-1"]
[WhiteTitle "WFM"]
[BlackTitle "WGM"]
[WhiteElo "2157"]
[BlackElo "2226"]
[WhiteFideId "12962554"]
[BlackFideId "5091241"]
[EventDate "2021.06.03"]

1. d4 d5 2. c4 e6 3. Nc3 Nf6 4. cxd5 exd5 5. Bg5 Be7 6. e3 O-O 7. Bd3 Nbd7 8.
Nge2 h6 9. Bh4 Re8 10. Qc2 c6 11. f3 Nf8 12. O-O Be6 13. Rae1 Rc8 14. h3 a6 15.
e4 N6d7 16. Bxe7 Rxe7 17. e5 c5 18. f4 c4 19. Bf5 g6 20. Bg4 h5 21. Bxe6 fxe6
22. f5 gxf5 23. Nf4 h4 24. Qf2 Rg7 25. Kh1 Qg5 26. Re3 Re8 27. Nb1 Ng6 28. Nxg6
Rxg6 29. Nd2 Rh6 30. Nf3 Qe7 31. Nh2 Kh7 32. Qf4 Rg8 33. Re2 Qg5 34. Qf3 Nf8 35.
Rc2 Rhg6 36. b3 b5 37. Qf2 Qg3 38. Nf3 Qxf2 39. Rfxf2 Rh6 40. a4 cxb3 41. Rc7+
Rg7 42. Rxg7+ Kxg7 43. axb5 axb5 44. Rb2 Rg6 45. Rxb3 Rg3 46. Rxb5 Ng6 47. Rb7+
Kf8 48. Rb6 Kf7 49. Rb7+ Kf8 50. Rh7 Kg8 51. Rd7 Kf8 52. Ra7 Ke8 53. Kh2 Kf8 54.
Nxh4 Rg5 55. Nxg6+ Rxg6 56. Rd7 Ke8 57. Rd6 Ke7 58. g3 Rg8 59. h4 Ra8 60. g4
fxg4 61. Kg3 Ra4 62. Kxg4 Rxd4+ 63. Kg5 Re4 64. h5 Rxe5+ 65. Kg6 Kxd6 66. h6 Re1
67. h7 Rg1+ 68. Kf7 Rh1 69. Kg7 0-1

[Event "Women's Speed Chess Q4"]
[Site "chess.com INT"]
[Date "2021.06.03"]
[Round "3"]
[White "Nguyen, Hong Ngoc"]
[Black "Buksa, Nataliya"]
[Result "0-1"]
[WhiteTitle "WCM"]
[BlackTitle "IM"]
[WhiteElo "1957"]
[BlackElo "2414"]
[WhiteFideId "12403083"]
[BlackFideId "14123622"]
[EventDate "2021.06.03"]

1. e4 c5 2. Nc3 Nc6 3. g3 g6 4. Bg2 Bg7 5. d3 e6 6. Be3 Nd4 7. Nce2 b6 8. e5 Nc6
9. f4 Bb7 10. Nf3 d6 11. d4 Nxd4 12. Nexd4 cxd4 13. Bxd4 dxe5 14. Bxe5 f6 15.
Bc3 Qxd1+ 16. Rxd1 Ne7 17. O-O Nd5 18. Bd4 O-O-O 19. c4 Nc7 20. Rfe1 Kb8 21. Kf2
Rhe8 22. Bc3 Kc8 23. Bh3 Rxd1 24. Rxd1 Rd8 25. Re1 Rd6 26. Bb4 Rc6 27. b3 f5 28.
Bg2 Na6 29. Ba3 Nc5 30. Ne5 Bxe5 31. Bxc6 Nd3+ 32. Ke2 Nxe1 33. Bxb7+ Kxb7 34.
fxe5 Nc2 35. Bd6 Nd4+ 36. Kd3 Nf3 37. h3 Kc6 38. Ke3 Ng5 39. h4 Nf7 40. Bb8 a5
41. Kd4 Kb7 42. Bd6 Kc6 43. Bf8 h6 44. a3 g5 45. hxg5 hxg5 46. b4 axb4 47. axb4
g4 48. b5+ Kc7 49. Be7 Kd7 50. Bf6 Nh6 51. Bg5 Nf7 52. Bf4 Nd8 53. c5 bxc5+ 54.
Kxc5 Kc7 55. b6+ Kd7 56. Kb5 Nb7 57. Ka6 Kc6 58. Be3 Nd8 59. Ka7 Nb7 60. Kb8 Na5
61. Kc8 Kd5 62. b7 Nxb7 63. Kxb7 Kxe5 64. Bf4+ Ke4 65. Kc6 e5 66. Bd2 f4 67.
gxf4 exf4 68. Kc5 g3 69. Be1 g2 70. Bf2 Kf3 71. Bg1 Ke2 72. Kd4 f3 73. Ke4 f2
74. Bxf2 Kxf2 0-1

[Event "Women's Speed Chess Q4"]
[Site "chess.com INT"]
[Date "2021.06.03"]
[Round "3"]
[White "Kairbekova, Amina"]
[Black "Chu, Ruotong"]
[Result "1-0"]
[WhiteTitle "WFM"]
[BlackTitle "WIM"]
[WhiteElo "2132"]
[BlackElo "2207"]
[WhiteFideId "13712799"]
[BlackFideId "8605653"]
[EventDate "2021.06.03"]

1. e4 c5 2. Nf3 e6 3. d4 cxd4 4. Nxd4 Nc6 5. Nc3 Qc7 6. Be3 Nf6 7. a3 Be7 8. f4
d6 9. Qf3 O-O 10. O-O-O Nxd4 11. Bxd4 e5 12. fxe5 dxe5 13. Qg3 Ng4 14. Nd5 Bg5+
15. Kb1 Qd6 16. Be2 Bf4 17. Nxf4 exf4 18. Qc3 Qg6 19. h3 Nh6 20. Qf3 f5 21. e5
Qg3 22. Bc4+ Kh8 23. Qd5 Re8 24. Qd6 Qg6 25. Rhe1 Be6 26. Bxe6 Rxe6 27. Qd7 Qf7
28. Bc3 Rae8 29. Qxf7 Nxf7 30. Rd5 h6 31. Rf1 g5 32. Re1 Kh7 33. b3 Kg6 34. Kb2
R8e7 35. Rc5 Rc7 36. Rxc7 g4 37. Rxb7 f3 38. gxf3 g3 39. Rg1 f4 40. Rxa7 Nxe5
41. Bxe5 Rxe5 42. Ra4 Kg5 43. Re4 Rd5 44. Re2 Kh4 45. Re6 h5 46. Rg6 Kxh3 47.
Re6 Kh2 48. Ree1 g2 49. b4 h4 50. c4 Rd8 51. c5 h3 52. b5 Kg3 53. c6 Rc8 54. Kb3
h2 55. Kb4 hxg1=Q 56. Rxg1 Kxf3 57. Kc5 Kf2 58. Rd1 g1=Q 59. Rxg1 Kxg1 60. b6 f3
61. b7 Rf8 62. c7 f2 63. c8=Q Rxc8+ 64. bxc8=Q f1=Q 65. Qg8+ Kh2 66. Qh7+ Kg3
67. Qg6+ Kh3 68. Qh5+ Kg3 69. Qe5+ Kh3 70. a4 Qf8+ 71. Kb5 Qf1+ 72. Kb6 Qc4 73.
a5 Qb4+ 74. Qb5 Qd6+ 75. Qc6 Qb4+ 76. Ka6 Kg3 77. Qc7+ Kf3 78. Ka7 Kg4 79. a6
Qb5 80. Qc8+ 1-0

[Event "Women's Speed Chess Q4"]
[Site "chess.com INT"]
[Date "2021.06.03"]
[Round "4"]
[White "Dauletova, Gulmira"]
[Black "Farhat Willemstein, Stela Souza"]
[Result "1-0"]
[WhiteTitle "WGM"]
[BlackTitle "WFM"]
[WhiteElo "2285"]
[BlackElo "1758"]
[WhiteFideId "13702971"]
[BlackFideId "2109808"]
[EventDate "2021.06.03"]

1. e4 c5 2. Nf3 d6 3. d4 cxd4 4. Qxd4 Nf6 5. Be2 Nc6 6. Qe3 g6 7. O-O Bg7 8. h3
O-O 9. c4 Nd7 10. Nc3 Nce5 11. Nxe5 Nxe5 12. Rb1 Be6 13. b3 Re8 14. Bb2 h5 15.
Kh1 Kh7 16. f4 Nc6 17. f5 Bd7 18. Nd5 Bh6 19. fxg6+ fxg6 20. Rf7+ Bg7 21. Rxg7+ 1-0

[Event "Women's Speed Chess Q4"]
[Site "chess.com INT"]
[Date "2021.06.03"]
[Round "4"]
[White "Chitlange, Sakshi"]
[Black "Bivol, Alina"]
[Result "1-0"]
[WhiteTitle "WIM"]
[BlackTitle "WGM"]
[WhiteElo "2167"]
[BlackElo "2385"]
[WhiteFideId "35002899"]
[BlackFideId "4100123"]
[EventDate "2021.06.03"]

1. d4 Nf6 2. c4 c5 3. d5 g6 4. Nc3 Bg7 5. e4 d6 6. Bd3 O-O 7. Nge2 e6 8. O-O
exd5 9. cxd5 a6 10. a4 Nbd7 11. Ng3 Re8 12. f4 Qc7 13. Kh1 c4 14. Bc2 Nc5 15. h3
Bd7 16. e5 dxe5 17. f5 e4 18. Bf4 Qb6 19. fxg6 hxg6 20. Be3 Qxb2 21. Bxc5 Qxc3
22. Ra3 Qa5 23. Bd4 Qd8 24. Qa1 Nh5 25. Nxh5 Bxd4 26. Qxd4 gxh5 27. Rg3+ Kf8 28.
Rxf7+ Kxf7 29. Qg7# 1-0

[Event "Women's Speed Chess Q4"]
[Site "chess.com INT"]
[Date "2021.06.03"]
[Round "4"]
[White "Zaksaite, Salomeja"]
[Black "Nguyen, Hong Ngoc"]
[Result "1-0"]
[WhiteTitle "WIM"]
[BlackTitle "WCM"]
[WhiteElo "2202"]
[BlackElo "1957"]
[WhiteFideId "12801496"]
[BlackFideId "12403083"]
[EventDate "2021.06.03"]

1. e4 c5 2. Nf3 d6 3. d4 cxd4 4. Nxd4 Nf6 5. Nc3 a6 6. Bc4 e6 7. Bb3 Nc6 8. Be3
Be7 9. Qe2 Qc7 10. O-O-O Bd7 11. Rhg1 b5 12. g4 Na5 13. g5 Nxb3+ 14. axb3 Ng8
15. f4 Rc8 16. f5 e5 17. Nf3 Bc6 18. Nd5 Bxd5 19. Rxd5 f6 20. Kb1 fxg5 21. Nxg5
Nf6 22. Ne6 Qc6 23. Nxg7+ Kd7 24. Rgd1 Nxd5 25. exd5 Qb7 26. f6 Bxf6 27. Qg4+
Kc7 28. Rf1 Bxg7 29. Rf7+ Kb8 30. Rxb7+ Kxb7 31. Qxg7+ 1-0

[Event "Women's Speed Chess Q4"]
[Site "chess.com INT"]
[Date "2021.06.03"]
[Round "4"]
[White "Selkirk, Rebecca"]
[Black "Golubenko, Valentina"]
[Result "0-1"]
[WhiteTitle "WCM"]
[BlackTitle "WGM"]
[WhiteElo "1799"]
[BlackElo "2209"]
[WhiteFideId "14306514"]
[BlackFideId "4501993"]
[EventDate "2021.06.03"]

1. e4 e6 2. Nf3 d5 3. Nc3 Nf6 4. e5 Nfd7 5. d4 c5 6. dxc5 Bxc5 7. Bd3 Nc6 8. Bf4
f6 9. exf6 Nxf6 10. O-O O-O 11. Re1 Qb6 12. Qd2 Ng4 13. Bg3 Nd4 14. Be2 Nxe2+
15. Qxe2 Bd7 16. Ng5 Nxf2 17. Nxe6 Rae8 18. Nxd5 Qxe6 19. Qxe6+ Bxe6 20. Nc7
Nd3+ 21. Kh1 Nxe1 22. Rxe1 Bd7 23. Nxe8 Rxe8 24. Rf1 Bb5 25. h3 0-1

[Event "Women's Speed Chess Q4"]
[Site "chess.com INT"]
[Date "2021.06.03"]
[Round "4"]
[White "Starosta, Martyna"]
[Black "Morris-Suzuki, Sophie"]
[Result "0-1"]
[WhiteTitle "WCM"]
[BlackTitle "WFM"]
[WhiteElo "1910"]
[BlackElo "2043"]
[WhiteFideId "21818754"]
[BlackFideId "30922615"]
[EventDate "2021.06.03"]

1. e4 c5 2. Nf3 e6 3. g3 d5 4. exd5 exd5 5. Bg2 Nf6 6. O-O Be7 7. d4 O-O 8. Nbd2
Nc6 9. Nb3 c4 10. Nbd2 Bg4 11. c3 Ne4 12. h3 Bh5 13. Qc2 f5 14. b3 b5 15. bxc4
bxc4 16. a4 Bg6 17. Nh2 Na5 18. Ndf3 Nb3 19. Ra2 Bd6 20. Ba3 f4 21. Bxd6 Nxd6
22. Qd1 Bd3 23. Re1 fxg3 24. fxg3 Ne4 25. Ne5 Nxc3 26. Qg4 Bf5 27. Qh5 Nxa2 28.
Nc6 Qf6 29. Bxd5+ Kh8 30. Bxc4 Qxc6 31. Bxb3 Qc3 32. Rf1 Qxg3+ 0-1

[Event "Women's Speed Chess Q4"]
[Site "chess.com INT"]
[Date "2021.06.03"]
[Round "4"]
[White "Klinova, Masha"]
[Black "Mkrtchian, Lilit"]
[Result "0-1"]
[WhiteTitle "IM"]
[BlackTitle "IM"]
[WhiteElo "2275"]
[BlackElo "2388"]
[WhiteFideId "2802015"]
[BlackFideId "13300601"]
[EventDate "2021.06.03"]

1. e4 e6 2. Nf3 d5 3. Nc3 Nf6 4. e5 Nfd7 5. d4 c5 6. dxc5 Nc6 7. Bf4 Nxc5 8. Bd3
Be7 9. O-O g5 10. Bg3 h5 11. h3 Qb6 12. Bb5 Bd7 13. a3 O-O-O 14. Bxc6 Bxc6 15.
Nd4 Ne4 16. Nce2 g4 17. hxg4 hxg4 18. b4 Rh5 19. Nf4 Rh6 20. Nxc6 bxc6 21. Qxg4
Rdh8 22. Nh3 Rg6 23. Qf3 Nxg3 24. Qxf7 Rgh6 25. Qxe7 Qd4 26. c3 Ne2+ 27. Kh1
Rxh3+ 28. gxh3 Rxh3+ 29. Kg2 Qg4# 0-1

[Event "Women's Speed Chess Q4"]
[Site "chess.com INT"]
[Date "2021.06.03"]
[Round "4"]
[White "Varshini, V"]
[Black "Grigoryan, Meri"]
[Result "1-0"]
[WhiteTitle "WGM"]
[BlackTitle "WFM"]
[WhiteElo "2226"]
[BlackElo "2044"]
[WhiteFideId "5091241"]
[BlackFideId "13300571"]
[EventDate "2021.06.03"]

1. e4 e5 2. Nf3 Nc6 3. Bc4 Nf6 4. d3 Bc5 5. O-O d6 6. c3 a5 7. h3 O-O 8. Nbd2
Be6 9. Re1 a4 10. a3 h6 11. Bb5 Na5 12. Bxa4 Nc6 13. Nf1 Ba7 14. d4 exd4 15.
cxd4 d5 16. e5 Ne4 17. Bc2 f5 18. exf6 Nxf6 19. Rxe6 Qd7 20. Re1 Rae8 21. Rxe8
Rxe8 22. Bf4 Ne4 23. Ng3 Nxg3 24. Bxg3 Re4 25. Bxe4 dxe4 26. Ne5 Nxe5 27. Bxe5 1-0

[Event "Women's Speed Chess Q4"]
[Site "chess.com INT"]
[Date "2021.06.03"]
[Round "4"]
[White "Kazarian, Anna-Maja"]
[Black "Cori T., Deysi"]
[Result "0-1"]
[WhiteTitle "FM"]
[BlackTitle "WGM"]
[WhiteElo "2096"]
[BlackElo "2388"]
[WhiteFideId "1033689"]
[BlackFideId "3801934"]
[EventDate "2021.06.03"]

1. e4 e6 2. d4 d5 3. exd5 exd5 4. c4 Bb4+ 5. Nc3 Ne7 6. Bd3 O-O 7. Ne2 dxc4 8.
Bxc4 c5 9. d5 a6 10. Bg5 h6 11. Bh4 g5 12. Bg3 b5 13. Bb3 c4 14. Bc2 Qxd5 15.
O-O Qxd1 16. Raxd1 Bf5 17. Bxf5 Nxf5 18. Nd5 Ba5 19. Be5 Nc6 20. Bf6 Rfe8 21.
Ng3 Nh4 22. Nh5 Kh7 23. Rfe1 Kg6 24. Rxe8 Rxe8 25. Ng3 Re6 26. Bc3 b4 27. Be1
Nd4 0-1

[Event "Women's Speed Chess Q4"]
[Site "chess.com INT"]
[Date "2021.06.03"]
[Round "4"]
[White "Zhai, Mo"]
[Black "Girya, Olga"]
[Result "0-1"]
[WhiteTitle "WGM"]
[BlackTitle "WGM"]
[WhiteElo "2366"]
[BlackElo "2451"]
[WhiteFideId "8600201"]
[BlackFideId "4195752"]
[EventDate "2021.06.03"]

1. Nf3 d5 2. g3 Bg4 3. Bg2 c6 4. O-O Nf6 5. h3 Bh5 6. c4 e6 7. d4 Nbd7 8. Qb3
Qb6 9. cxd5 Qxb3 10. axb3 exd5 11. Nc3 Bd6 12. g4 Bg6 13. Bg5 O-O 14. Nd2 Rfe8
15. e3 h6 16. Bxf6 Nxf6 17. Ra4 a6 18. Rfa1 Re7 19. Bf1 Rae8 20. Be2 Nd7 21. Rc1
f5 22. Bd3 Rf8 23. Kg2 Kh7 24. Ne2 fxg4 25. Bxg6+ Kxg6 26. hxg4 Nf6 27. Kh3 Ne4
28. Nxe4 Rxe4 29. Rf1 Rxe3+ 30. fxe3 Rxf1 31. Kg2 Rd1 32. Kf3 Rd3 0-1

[Event "Women's Speed Chess Q4"]
[Site "chess.com INT"]
[Date "2021.06.03"]
[Round "4"]
[White "Kairbekova, Amina"]
[Black "Sviridova, Vlada"]
[Result "0-1"]
[WhiteTitle "WFM"]
[BlackTitle "WFM"]
[WhiteElo "2132"]
[BlackElo "2144"]
[WhiteFideId "13712799"]
[BlackFideId "24109606"]
[EventDate "2021.06.03"]

1. e4 e6 2. d4 d5 3. Nc3 Bb4 4. e5 c5 5. a3 Bxc3+ 6. bxc3 Ne7 7. Qg4 O-O 8. Bd3
Nbc6 9. Bh6 Ng6 10. Bd2 c4 11. Be2 f5 12. exf6 Qxf6 13. Qf3 Qe7 14. Qg3 e5 15.
dxe5 Ncxe5 16. Nf3 Nxf3+ 17. gxf3 Bf5 18. Be3 Bxc2 19. Kd2 Bf5 20. h4 d4 21.
Bxd4 Rad8 22. Bxc4+ Kh8 23. Rhe1 Qxh4 24. Kc1 Rxd4 25. cxd4 Qxd4 26. Qc7 Qxa1+
27. Kd2 Qd4+ 28. Ke2 Rc8 29. Qf7 Qxc4+ 30. Qxc4 Rxc4 31. Kd2 h5 32. Re8+ Kh7 33.
Rb8 Rc2+ 0-1

[Event "Women's Speed Chess Q4"]
[Site "chess.com INT"]
[Date "2021.06.03"]
[Round "4"]
[White "Purtseladze, Maka"]
[Black "Zawadzka, Jolanta"]
[Result "0-1"]
[WhiteTitle "IM"]
[BlackTitle "WGM"]
[WhiteElo "2274"]
[BlackElo "2399"]
[WhiteFideId "13602659"]
[BlackFideId "1122320"]
[EventDate "2021.06.03"]

1. b3 e5 2. Bb2 Nc6 3. e3 Nf6 4. Bb5 Bd6 5. Nf3 Qe7 6. Be2 e4 7. Nd4 Nxd4 8.
Bxd4 O-O 9. c4 Be5 10. Bxe5 Qxe5 11. Nc3 c6 12. d4 exd3 13. Qxd3 d5 14. cxd5
Nxd5 15. Rc1 Bf5 16. Qc4 Be6 17. Qe4 Qf6 18. Qc2 Rfd8 19. Ne4 Qg6 20. Ng3 f5 21.
O-O Qf7 22. Bc4 f4 23. exf4 Nxf4 24. Bxe6 Nxe6 25. Qc4 Rd4 26. Qe2 Rad8 27. Rfd1
c5 28. Rxd4 Nxd4 29. Qc4 b6 30. Qxf7+ Kxf7 31. Nf1 Ne2+ 0-1

[Event "Women's Speed Chess Q4"]
[Site "chess.com INT"]
[Date "2021.06.03"]
[Round "4"]
[White "Narva, Mai"]
[Black "Daulyte-Cornette, Deimante"]
[Result "0-1"]
[WhiteTitle "WIM"]
[BlackTitle "IM"]
[WhiteElo "2276"]
[BlackElo "2387"]
[WhiteFideId "4500512"]
[BlackFideId "12802859"]
[EventDate "2021.06.03"]

1. e4 Nf6 2. Nc3 d6 3. d4 e5 4. Nf3 Nbd7 5. Bc4 Be7 6. O-O O-O 7. h3 a6 8. a4 b6
9. Bg5 h6 10. Bh4 Bb7 11. dxe5 Nxe5 12. Nxe5 dxe5 13. Bxf6 Bxf6 14. Nd5 Bxd5 15.
Bxd5 Rb8 16. Qe2 a5 17. Qc4 Be7 18. Rad1 Bd6 19. Rd3 Qd7 20. Kh1 Rbc8 21. Bb7
Rb8 22. Bc6 Qe7 23. Rfd1 Kh8 24. Qb5 f5 25. exf5 Rxf5 26. R3d2 Rbf8 27. f3 e4
28. Qe2 Qe5 29. g4 Rxf3 0-1

[Event "Women's Speed Chess Q4"]
[Site "chess.com INT"]
[Date "2021.06.03"]
[Round "4"]
[White "Li, Xueyi"]
[Black "Pavlidou, Ekaterini"]
[Result "0-1"]
[WhiteTitle "WGM"]
[BlackTitle "WIM"]
[WhiteElo "2328"]
[BlackElo "2157"]
[WhiteFideId "8605912"]
[BlackFideId "4213262"]
[EventDate "2021.06.03"]

1. d4 Nf6 2. c4 e6 3. g3 d5 4. Bg2 c6 5. Nf3 Bb4+ 6. Nbd2 O-O 7. O-O b6 8. a3
Be7 9. cxd5 exd5 10. b4 a5 11. bxa5 Rxa5 12. Nb3 Ra7 13. Bf4 Na6 14. a4 Nb4 15.
Ne5 Nd7 16. Nf3 Nf6 17. h4 Bf5 18. Qd2 Bc2 19. Qc3 Ne4 20. Qb2 c5 21. Rfc1 c4
22. Rxc2 Nxc2 23. Qxc2 cxb3 24. Qxb3 Bf6 25. Ne5 Bxe5 26. Bxe5 Qd7 27. f3 Nd2
28. Qxb6 Nc4 29. Qb3 Nxe5 30. dxe5 Rfa8 31. f4 Rxa4 32. Rxa4 Qxa4 33. Qxd5 Rb8
34. h5 h6 35. e6 fxe6 36. Qxe6+ Kh8 37. Qf5 Qd1+ 38. Kf2 Qd4+ 39. e3 Qd2+ 40.
Kf3 Qd1+ 41. Ke4 Re8+ 0-1

[Event "Women's Speed Chess Q4"]
[Site "chess.com INT"]
[Date "2021.06.03"]
[Round "4"]
[White "Linares Napoles, Oleiny"]
[Black "Potapova, Margarita"]
[Result "0-1"]
[WhiteTitle "WGM"]
[BlackTitle "WIM"]
[WhiteElo "2255"]
[BlackElo "2252"]
[WhiteFideId "3504794"]
[BlackFideId "14126869"]
[EventDate "2021.06.03"]

1. d4 Nf6 2. Bf4 g6 3. Nc3 Bg7 4. e4 d5 5. e5 Ne4 6. Nxe4 dxe4 7. Bc4 O-O 8. Qd2
c5 9. d5 a6 10. a4 Nd7 11. e6 Nb6 12. exf7+ Rxf7 13. Ba2 c4 14. Rd1 c3 15. bxc3
Nxa4 16. Ne2 Qa5 17. Bb3 Nxc3 18. Be3 Qc7 19. O-O Nxd1 20. Rxd1 Qd8 21. Bd4 Bg4
22. Qe3 Bxe2 23. Qxe2 Bxd4 24. Rxd4 Qd6 25. Rxe4 Raf8 26. f3 a5 27. Re6 Qc5+ 28.
Kf1 a4 29. Bxa4 Ra8 30. Qe4 b5 31. Bb3 Ra1+ 32. Ke2 Qc3 33. Kf2 Qd2+ 34. Kg3 Rg1
35. Rxe7 Qxg2+ 36. Kh4 Qxh2# 0-1

[Event "Women's Speed Chess Q4"]
[Site "chess.com INT"]
[Date "2021.06.03"]
[Round "4"]
[White "Nguyen, Thi Thanh An"]
[Black "Ziegenfuss, Antonia"]
[Result "0-1"]
[WhiteTitle "WGM"]
[BlackTitle "WFM"]
[WhiteElo "2259"]
[BlackElo "2157"]
[WhiteFideId "12400300"]
[BlackFideId "12962554"]
[EventDate "2021.06.03"]

1. d4 Nf6 2. Bf4 c5 3. e3 Nd5 4. Bg3 Qb6 5. Nd2 cxd4 6. e4 Nf6 7. Bd3 Nc6 8.
Ngf3 d6 9. O-O e5 10. Nc4 Qd8 11. c3 Bg4 12. h3 Bh5 13. Qb3 Qd7 14. Nh4 Be7 15.
f4 exf4 16. Bxf4 O-O 17. Nf5 d5 18. exd5 Nxd5 19. Nxe7+ Qxe7 20. Bd6 Qg5 21.
Bxf8 Rxf8 22. Rf5 Qd8 23. Rxh5 g6 24. Rh6 Qg5 25. Nd6 Ne3 26. Ne4 Qxg2# 0-1

[Event "Women's Speed Chess Q4"]
[Site "chess.com INT"]
[Date "2021.06.03"]
[Round "4"]
[White "Pham, Le Thao Nguyen"]
[Black "Dordzhieva, Dinara"]
[Result "0-1"]
[WhiteTitle "IM"]
[BlackTitle "WGM"]
[WhiteElo "2369"]
[BlackElo "2334"]
[WhiteFideId "12401226"]
[BlackFideId "24157570"]
[EventDate "2021.06.03"]

1. d4 Nf6 2. Nf3 d5 3. c4 e6 4. Nc3 dxc4 5. e3 a6 6. a4 c5 7. Bxc4 Nc6 8. O-O
Be7 9. dxc5 Bxc5 10. Qe2 O-O 11. Rd1 Qc7 12. e4 Ng4 13. Be3 Bxe3 14. fxe3 Qb6
15. Nd4 Nce5 16. a5 Qc7 17. Bb3 Bd7 18. h3 Nf6 19. Qf2 Rac8 20. Rf1 Ng6 21. Qe2
Qe5 22. Nf3 Qc5 23. Qd3 Bc6 24. Rfe1 Rfd8 25. Nd4 e5 26. Rad1 exd4 27. exd4 Qxa5
28. Kh1 Re8 29. Qf3 Rcd8 30. d5 Bd7 31. Qg3 Ne5 32. Rf1 Qb6 33. Bc2 Kh8 34. Bb1
Nh5 35. Qg5 Qg6 36. Qxg6 hxg6 37. Kh2 g5 38. g4 Nf6 0-1

[Event "Women's Speed Chess Q4"]
[Site "chess.com INT"]
[Date "2021.06.03"]
[Round "4"]
[White "Nguyen, Thi Mai Hung"]
[Black "Samaganova, Alexandra"]
[Result "1-0"]
[WhiteTitle "WGM"]
[BlackTitle "WFM"]
[WhiteElo "2254"]
[BlackElo "1993"]
[WhiteFideId "12401676"]
[BlackFideId "13800221"]
[EventDate "2021.06.03"]

1. d4 Nf6 2. Nf3 e6 3. g3 b6 4. Bg2 Bb7 5. O-O c5 6. c4 cxd4 7. Nxd4 Bxg2 8.
Kxg2 Be7 9. Nc3 O-O 10. e4 d6 11. Be3 Nbd7 12. f3 Rc8 13. b3 Ne5 14. h3 Nc6 15.
Qd2 d5 16. Nxc6 Rxc6 17. exd5 exd5 18. Nxd5 Nxd5 19. cxd5 Rd6 20. Rad1 Bf6 21.
Bf4 Rd7 22. g4 h6 23. d6 Re8 24. Rfe1 Bh4 25. Rxe8+ Qxe8 26. Qd3 Qe6 27. Rd2 Rd8
28. d7 Qf6 29. Bc7 Qa1 30. Bxd8 Bxd8 31. Re2 Qf6 32. Re8# 1-0

[Event "Women's Speed Chess Q4"]
[Site "chess.com INT"]
[Date "2021.06.03"]
[Round "4"]
[White "Tokhirjonova, Gulrukhbegim"]
[Black "Ambartsumova, Karina"]
[Result "0-1"]
[WhiteTitle "WGM"]
[BlackTitle "IM"]
[WhiteElo "2350"]
[BlackElo "2382"]
[WhiteFideId "14203626"]
[BlackFideId "4166299"]
[EventDate "2021.06.03"]

1. e4 c5 2. Nf3 e6 3. d4 cxd4 4. Nxd4 a6 5. c4 Nf6 6. Nc3 Bb4 7. Qd3 Nc6 8. Be2
Qc7 9. Nc2 Be7 10. b3 O-O 11. O-O b6 12. Bg5 d6 13. f4 Bb7 14. Qh3 Nd7 15. Bxe7
Nxe7 16. Rad1 Nf6 17. Bd3 Ng6 18. Rde1 Rad8 19. Kh1 Rfe8 20. Ne3 b5 21. Rc1 b4
22. Ne2 Bxe4 23. Bxe4 Nxe4 24. f5 exf5 25. Nxf5 Qc5 26. Ned4 Re5 27. Qd3 Rde8
28. h3 h6 29. Kh2 a5 30. Rf3 Ng5 31. Rf2 Re4 32. Rcf1 Qe5+ 33. Ng3 Re3 0-1

[Event "Women's Speed Chess Q4"]
[Site "chess.com INT"]
[Date "2021.06.03"]
[Round "4"]
[White "Bommini, Mounika Akshaya"]
[Black "Varney, Zoe"]
[Result "1-0"]
[WhiteTitle "WFM"]
[BlackTitle "WCM"]
[WhiteElo "2029"]
[BlackElo "1917"]
[WhiteFideId "25019872"]
[BlackFideId "436135"]
[EventDate "2021.06.03"]

1. d4 d5 2. c4 c6 3. cxd5 cxd5 4. Nc3 Nf6 5. Bf4 Nc6 6. e3 Bf5 7. Qb3 Bc8 8. Nb5
e5 9. dxe5 Nh5 10. O-O-O Be6 11. Kb1 Be7 12. Nf3 O-O 13. Nfd4 Nxf4 14. exf4 a6
15. Nxe6 fxe6 16. Nd4 Nxd4 17. Rxd4 Bc5 18. Rd1 Rxf4 19. f3 Rb4 20. Qd3 Qb6 21.
b3 a5 22. Be2 a4 23. Kb2 axb3 24. axb3 Bd4+ 25. Kc1 Ra2 26. Rd2 Be3 27. Rd1 Ra1+
28. Kb2 Qa5 29. Rxa1 1-0

[Event "Women's Speed Chess Q4"]
[Site "chess.com INT"]
[Date "2021.06.03"]
[Round "4"]
[White "Mohota, Nisha"]
[Black "Papp, Petra"]
[Result "0-1"]
[WhiteTitle "IM"]
[BlackTitle "WGM"]
[WhiteElo "2195"]
[BlackElo "2336"]
[WhiteFideId "5004330"]
[BlackFideId "739049"]
[EventDate "2021.06.03"]

1. b3 d5 2. Bb2 Bf5 3. d3 e6 4. Nd2 Nf6 5. g3 a5 6. Bg2 a4 7. e4 dxe4 8. dxe4
Bg6 9. Nh3 Bb4 10. c3 Bc5 11. O-O a3 12. Bc1 O-O 13. Nf4 Nc6 14. b4 Ba7 15. Nxg6
hxg6 16. Qb3 Ne5 17. Nc4 Nfg4 18. Nxe5 Nxe5 19. Bxa3 Qf6 20. Rad1 b5 21. Bc1
Nf3+ 22. Kh1 g5 23. c4 Nd4 24. Qb2 bxc4 25. Be3 e5 26. Rc1 c5 27. Rxc4 Rfb8 28.
a3 g4 29. Qc1 cxb4 30. Bxd4 exd4 31. axb4 Re8 32. Qd1 Qe6 0-1

[Event "Women's Speed Chess Q4"]
[Site "chess.com INT"]
[Date "2021.06.03"]
[Round "4"]
[White "Vantika, Agrawal"]
[Black "Vo, Thi Kim Phung"]
[Result "0-1"]
[WhiteTitle "WIM"]
[BlackTitle "WGM"]
[WhiteElo "2286"]
[BlackElo "2335"]
[WhiteFideId "25050389"]
[BlackFideId "12401838"]
[EventDate "2021.06.03"]

1. d4 e6 2. c4 Nf6 3. g3 Bb4+ 4. Nd2 O-O 5. Bg2 c5 6. a3 Bxd2+ 7. Qxd2 cxd4 8.
Nf3 d5 9. cxd5 Qxd5 10. Qxd4 Nc6 11. Qxd5 Nxd5 12. O-O Nb6 13. b4 a6 14. Rd1 e5
15. Be3 Na4 16. Rac1 Bf5 17. Ng5 Rac8 18. Ne4 Nd4 19. Rxc8 Rxc8 20. Bxd4 Rd8 21.
Rc1 exd4 22. Nc5 Nc3 23. Bf3 b6 24. Nxa6 Re8 25. Kf1 Bh3+ 26. Ke1 g5 27. e3 g4
28. Bc6 Re6 29. b5 Na4 0-1